书目信息 |
| 题名: |
蒸散发尺度效应与时空尺度拓展
|
|
| 作者: | 许迪 著 | |
| 分册: | ||
| 出版信息: | 北京 科学出版社 2015 |
|
| 页数: | 490页 | |
| 开本: | 26cm | |
| 丛书名: | 海河流域水循环演变机理与水资源高效利用丛书 | |
| 单 册: | ||
| 中图分类: | S271 , S279 | |
| 科图分类: | ||
| 主题词: | 农业资源--Nong Ye Zi Yuan--水资源--效用分析--研究 | |
| 电子资源: | ||
| ISBN: | 978-7-03-041611-7 | |
| 000 | 01572cam 2200313 450 | |
| 001 | 012001000101 | |
| 005 | 20131105095605.0 | |
| 010 | @a978-7-03-041611-7@b精装@dCNY288.00 | |
| 099 | @aCAL 012015137559 | |
| 100 | @a20151111d2015 em y0chiy50 ea | |
| 101 | 0 | @achi |
| 102 | @aCN@b110000 | |
| 105 | @aak a 001yy | |
| 106 | @ar | |
| 200 | 1 | @a蒸散发尺度效应与时空尺度拓展@AZheng San Fa Chi Du Xiao Ying Yu Shi Kong Chi Du Tuo Zhan@f许迪等著 |
| 210 | @a北京@c科学出版社@d2015 | |
| 215 | @a490页@d26cm | |
| 225 | 2 | @a海河流域水循环演变机理与水资源高效利用丛书@AHai He Liu Yu Shui Xun Huan Yan Bian Ji Li Yu Shui Zi Yuan Gao Xiao Li Yong Cong Shu |
| 300 | @a“十二五”国家重点图书出版规划项目 | |
| 320 | @a有书目 (第468-489页) 和索引 | |
| 330 | @a本书以973计划课题和国家自然科学基金项目研究成果为基础,围绕蒸散发尺度效应与时空尺度拓展,系统构建和阐述相关方法与模型及其应用案例。第1章为综述。全书主要内容分为上、下两篇,第2-8章主要阐述不同尺度蒸散发观测和估算方法,描述不同尺度蒸散发变化规律及其尺度效应,对比分析蒸散发时间尺度拓展方法,构建蒸散发空间尺度提升与转换方法,开展区域(灌区)尺度蒸散发估算模型研究;第9-12章以华北地区为背景,基于蒸散发尺度效应,借助相关模型开展不同空间尺度下的农业用水效率与效益评价。 | |
| 410 | 0 | @12001@a海河流域水循环演变机理与水资源高效利用丛书 |
| 606 | 0 | @a农业资源@ANong Ye Zi Yuan@x水资源@x效用分析@x研究 |
| 607 | @a海河@Ahai he@x流域@x农田水文学@x水循环系统@x研究 | |
| 690 | @aS271@v5 | |
| 690 | @aS279@v5 | |
| 701 | 0 | @a许迪@AXu Di@4著 |
| 801 | 0 | @aCN@b北京卓展文化@c20191020 |
| 905 | @b1195359-60@dS271@e56@f2 | |
| 蒸散发尺度效应与时空尺度拓展/许迪等著.-北京:科学出版社,2015 |
| 490页;26cm.-(海河流域水循环演变机理与水资源高效利用丛书) |
| “十二五”国家重点图书出版规划项目 |
| ISBN 978-7-03-041611-7(精装):CNY288.00 |
| 本书以973计划课题和国家自然科学基金项目研究成果为基础,围绕蒸散发尺度效应与时空尺度拓展,系统构建和阐述相关方法与模型及其应用案例。第1章为综述。全书主要内容分为上、下两篇,第2-8章主要阐述不同尺度蒸散发观测和估算方法,描述不同尺度蒸散发变化规律及其尺度效应,对比分析蒸散发时间尺度拓展方法,构建蒸散发空间尺度提升与转换方法,开展区域(灌区)尺度蒸散发估算模型研究;第9-12章以华北地区为背景,基于蒸散发尺度效应,借助相关模型开展不同空间尺度下的农业用水效率与效益评价。 |
| ● |
| 相关链接 |
|
|
|
|
正题名:蒸散发尺度效应与时空尺度拓展
索取号:S271/56
 
预约/预借
| 序号 | 登录号 | 条形码 | 馆藏地/架位号 | 状态 | 备注 |
| 1 | 1195359 | 211953590 | 第二样本阅览室/ [索取号:S271/56] | 在馆 | |
| 2 | 1195360 | 211953607 | 第三借阅区/ [索取号:S271/56] | 在馆 |